| 000 | 00541nam a2200157Ia 4500 | ||
|---|---|---|---|
| 008 | 151213s9999 xx 000 0 und d | ||
| 020 | _a984-074338-4 | ||
| 100 | _aআবুল ফজল আল্লামী । | ||
| 245 |
_aআইন - ই - আকবরী। _cআবুল ফজল আল্লামী । |
||
| 250 | _a১ম সং | ||
| 260 |
_aঢাকা _bবাংলা একাডেমী _c2003 |
||
| 300 | _a4597 p. | ||
| 650 | _aBangla | ||
| 700 | _aআবুল ফজল আল্লামী । | ||
| 999 |
_c2955 _d2955 |
||